000
00267nam a22001217a 4500
008
170327b xxu||||| |||| 00| 0 eng d
041
_a
eng
080
_2
4 ED
_a
616.9
100
_a
8
101
_a
SHM
245
_a
PLANT VIRUSES AND DISEASES
_c
BAWDEN
942
_2
udc
_c
BK
999
_c
8674
_d
8674